life after,80: environmental choices we can live with (Record no. 12925)

MARC details
000 -LEADER
fixed length control field 00392nam a22001577a 4500
003 - CONTROL NUMBER IDENTIFIER
control field OSt
005 - DATE AND TIME OF LATEST TRANSACTION
control field 20211015095911.0
008 - FIXED-LENGTH DATA ELEMENTS--GENERAL INFORMATION
fixed length control field 211015b |||||||| |||| 00| 0 eng d
020 ## - INTERNATIONAL STANDARD BOOK NUMBER
International Standard Book Number 0931790131
040 ## - CATALOGING SOURCE
Transcribing agency hu
100 ## - MAIN ENTRY--PERSONAL NAME
Personal name kathleen courrier
9 (RLIN) 13843
245 ## - TITLE STATEMENT
Title life after,80: environmental choices we can live with
260 ## - PUBLICATION, DISTRIBUTION, ETC.
Name of publisher, distributor, etc. america
Date of publication, distribution, etc. 1980
300 ## - PHYSICAL DESCRIPTION
Extent 280
942 ## - ADDED ENTRY ELEMENTS (KOHA)
Source of classification or shelving scheme Dewey Decimal Classification
Koha item type Books like text book referance book
Suppress in OPAC No
Holdings
Withdrawn status Lost status Source of classification or shelving scheme Damaged status Not for loan Home library Current library Shelving location Date acquired Total Checkouts Full call number Barcode Date last seen Copy number Price effective from Koha item type
    Dewey Decimal Classification     Social Library Social Library General Stacks 10/15/2021   304.28/inv SHLIB 00002067 10/15/2021 1 10/15/2021 Books like text book referance book